| 000 | 00647nam a2200229Ia 4500 | ||
|---|---|---|---|
| 003 | OSt | ||
| 005 | 20220926015223.0 | ||
| 006 | a|||||r|||| 00| 0 | ||
| 007 | ta | ||
| 008 | 220923b |||||||| |||| 00| 0 eng d | ||
| 037 | _cGeneral Book | ||
| 040 |
_aRTL _cRTL _beng |
||
| 041 |
_2eng _aeng |
||
| 082 | _aX:89P:(B), M9 | ||
| 100 |
_aMiller Ronal E Ed. _9321745 |
||
| 245 | 0 | _aFrontiers of input-output analysis | |
| 260 |
_aNew York _bOxford University Press _c1989 |
||
| 300 |
_axv,335p _ccm. |
||
| 650 | _aProduction Engeeniring | ||
| 942 |
_hX:89P:(B), M9 _cGB _2CC |
||
| 999 |
_c630783 _d630783 |
||